| 000 | 00625cam a22002173a 4500 | ||
|---|---|---|---|
| 001 | 44939 | ||
| 003 | PGUSA | ||
| 005 | 20140828084027.0 | ||
| 008 | 140217s2014||||xxu|||||s|||||000 | eng d | ||
| 040 |
_aPGUSA _beng |
||
| 042 | _adc | ||
| 100 | 1 |
_aSienkiewicz, Henryk, _d1846-1916 |
|
| 245 | 1 | 0 |
_aChildren of the Soil _h[electronic resource] / _cHenryk Sienkiewicz |
| 260 |
_bProject Gutenberg, _c2014 |
||
| 506 | _aPublic domain in the USA. | ||
| 516 | _aElectronic text | ||
| 700 | 1 |
_aCurtin, Jeremiah, _d1835-1906 |
|
| 830 | 0 |
_aProject Gutenberg _v44939 |
|
| 856 | 4 | 0 | _uhttp://www.gutenberg.org/ebooks/44939 |
| 942 | _cEB | ||
| 999 |
_c274190 _d274190 |
||